| 000 | 00843nam a2200241Ia 4500 | ||
|---|---|---|---|
| 001 | 4888 | ||
| 003 | GE_BSU | ||
| 008 | 181216s||||||||xx |||||||||||||| ||und|| | ||
| 040 | _cGE_BSU | ||
| 080 | _a811.112.2(075.8) | ||
| 100 | _aАрдова, В.В; Борисова, Н.М. Домбровская,Т.В. | ||
| 245 | _aУчебник немецкого языка для заочных технических вузов | ||
| 245 | _bУчебник для студ-заочников вузов | ||
| 245 | _cРед. М. Корольова | ||
| 250 | _aИзд.5-ое,исправ. | ||
| 260 | _aМосква | ||
| 260 | _bВысшая школа | ||
| 260 | _c1984 | ||
| 300 | _a319с.20 см. | ||
| 300 | _eБиблиогр. с.312 | ||
| 653 | _aУчебник немецкого языка для вузов | ||
| 942 | _cBK | ||
| 999 |
_c38661 _d38661 |
||